|
|
|
|
| LEADER |
00000nam1a2200000 4500 |
| 001 |
378151 |
| 005 |
20231101054407.0 |
| 010 |
|
|
|a 5120008941
|
| 020 |
|
|
|a RU
|b 89-72076
|
| 035 |
|
|
|a (RuTPU)RU\TPU\retro\35606
|
| 035 |
|
|
|a RU\TPU\book\129516
|
| 090 |
|
|
|a 378151
|
| 100 |
|
|
|a 20230516d1989 k y0rusy5003 ca
|
| 101 |
0 |
|
|a rus
|
| 102 |
|
|
|a UA
|
| 200 |
1 |
|
|a Моделирование и автоматизация проектирования измерительных преобразователей тока
|f Б. С. Строгний [и др.]
|g Академия наук Украинской ССР (АН УССР), Институт электродинамики
|
| 210 |
|
|
|a Киев
|c Наукова думка
|d 1989
|
| 215 |
|
|
|a 269 с.
|c ил.
|
| 320 |
|
|
|a Библиогр.: с. 261-266.
|
| 610 |
1 |
|
|a измерительные преобразователи тока
|
| 610 |
1 |
|
|a моделирование
|
| 610 |
1 |
|
|a проектирование
|
| 610 |
1 |
|
|a работа
|
| 610 |
1 |
|
|a математическое обеспечение
|
| 610 |
1 |
|
|a организация процесса
|
| 610 |
1 |
|
|a структурный синтез
|
| 610 |
1 |
|
|a автоматизация
|
| 675 |
|
|
|a 621.317.714
|v 3
|
| 701 |
|
1 |
|a Строгний
|b Б. С.
|g Борис Сергеевич
|
| 701 |
|
1 |
|a Кириленко
|b А. В.
|g Александр Васильевич
|
| 701 |
|
1 |
|a Пуйло
|b Г. В.
|g Глеб Васильевич
|
| 701 |
|
1 |
|a Байдак
|b Ю. В.
|g Юрий Викторович
|
| 701 |
|
1 |
|a Расторгуева
|b Т. Е.
|g Татьяна Евгеньевна
|
| 701 |
|
1 |
|a Шевченко
|b В. П.
|g Владимир Петрович
|
| 712 |
0 |
2 |
|a Академия наук Украинской ССР (АН УССР)
|b Институт электродинамики
|2 stltpush
|3 (RuTPU)RU\TPU\col\12436
|
| 801 |
|
0 |
|a RU
|b RuMRKP
|c 19960704
|g psbo
|
| 801 |
|
1 |
|a RU
|b 63413507
|c 20070725
|g PSBO
|
| 801 |
|
2 |
|a RU
|b 63413507
|c 20230516
|g PSBO
|
| 942 |
|
|
|c BK
|